000 01041nam a2200313 i 4500
001 000040466
003 DO-SdBNP
005 20251117133440.0
007 ta
008 130826s2013 dr r 000 0 spa d
020 _a9789945007947
040 _aDO-SdBNP
_bspa
_cBNPHU
_erda
041 _aspa
082 4 _aRD860.9
_bS787n
_222
100 1 _aStanley, Avelino,
_d1959-
_eautor
_4aut.
_91536
245 1 3 _aLa novela dominicana contemporánea /
_cAvelino Stanley.
250 _aPrimera edición
264 1 _aSanto Domingo :
_bEdición FUNDESEP,
_c2013.
300 _a78 páginas ;
_c22 cm.
336 _atexto
_btxt
_2rdacontent
337 _asin mediación
_bn
_2rdamedia
338 _avolumen
_bnc
_2rdacarrier
590 _aInventariado, 2018/BT
650 4 _aNovela dominicana
_xHistoria y crítica
_92210
650 4 _aLiteratura dominicana
_xHistoria y crítica
_9159
710 2 _aFundación de Estudios Económicos y Políticos (República Dominicana)
_966767
910 _aValidado. Control de calidad. MFF
942 _2ddc
_cLBS1
999 _c39956
_d39956